| 000 | 00566nmm a2200181Ia 4500 | ||
|---|---|---|---|
| 008 | 251105s9999||||xx |||||||||||||||||und|| | ||
| 041 | _aspa | ||
| 100 | _aMoya Valle, Antonio-Prometeo | ||
| 245 | 0 | _aAir. La historia de Michael Jordan | |
| 264 |
_a[Madrid, España] : _bDuomo ediciones, _c[Fecha de publicación no identificada] |
||
| 300 | _a0 páginas | ||
| 490 | _aDuomo bolsillo | ||
| 650 | _aBiography | ||
| 700 | _aMoya Valle, Antonio-Prometeo | ||
| 700 | 1 | _a Halberstam, David | |
| 856 | _uhttps://public.digitaliapublishing.com/a/81244 | ||
| 942 | _cCF | ||
| 999 |
_c69144 _d69144 |
||